000
00282nam a22001217a 4500
082
_a
920
_b
MAT/D
100
_a
MATHEW, MERCY
245
_a
DAYABAI,THE LADY WITH FIRE
260
_a
BANGALOE
_b
FRANCISCAN PUBLICATION
300
_a
131
650
_a
ABOUT DAYABAI
_z
BANGALORE
942
_c
BK
999
_c
6758
_d
6758